Chinar : (Record no. 7715)
[ view plain ]
| 000 -LEADER | |
|---|---|
| fixed length control field | 00532cam a2200217ua 4500 |
| 001 - CONTROL NUMBER | |
| control field | 8621 |
| 005 - DATE AND TIME OF LATEST TRANSACTION | |
| control field | 20260515114345.0 |
| 008 - FIXED-LENGTH DATA ELEMENTS--GENERAL INFORMATION | |
| fixed length control field | 150210n ii |||gr||||Z||||||eng |
| 020 ## - INTERNATIONAL STANDARD BOOK NUMBER | |
| International Standard Book Number | 9789382264125 |
| 040 ## - CATALOGING SOURCE | |
| Transcribing agency | MAIN |
| 041 ## - LANGUAGE CODE | |
| Language code of text/sound track or separate title | eng |
| 082 ## - DEWEY DECIMAL CLASSIFICATION NUMBER | |
| Classification number | 821 |
| 100 ## - MAIN ENTRY--PERSONAL NAME | |
| Personal name | Kaul, N., |
| Relator term | Author. |
| 245 1# - TITLE STATEMENT | |
| Title | Chinar : |
| Remainder of title | Anthology of prose and poems / |
| Statement of responsibility, etc. | By Neena Kaul . |
| 250 ## - EDITION STATEMENT | |
| Edition statement | 1st. |
| 260 ## - PUBLICATION, DISTRIBUTION, ETC. | |
| Place of publication, distribution, etc. | New Delhi: |
| Name of publisher, distributor, etc. | Cambridge, |
| Date of publication, distribution, etc. | 2013. |
| 300 ## - PHYSICAL DESCRIPTION | |
| Extent | xii,82p. |
| 653 ## - INDEX TERM--UNCONTROLLED | |
| Uncontrolled term | English poetry |
| 700 ## - ADDED ENTRY--PERSONAL NAME | |
| Personal name | Renu Anand, |
| Relator term | Author. |
| 942 ## - ADDED ENTRY ELEMENTS (KOHA) | |
| Koha item type | Books |
| Withdrawn status | Lost status | Damaged status | Not for loan | Home library | Current library | Shelving location | Date acquired | Total checkouts | Full call number | Barcode | Date last seen | Date last checked out | Copy number | Price effective from | Koha item type |
|---|---|---|---|---|---|---|---|---|---|---|---|---|---|---|---|
| Naharkatiya College Library | Naharkatiya College Library | General stacks | 09/19/2020 | 1 | 821 | KAU | 22024 | 04/29/2022 | 04/29/2022 | 1 | 09/19/2020 | Books |